Get real #15 / Donald E. Westlake.
Available copies
- 2 of 2 copies available at LARL/NWRL Consortium.
Current holds
0 current holds with 2 total copies.
Show Only Available Copies
| Location | Call Number / Copy Notes | Barcode | Shelving Location | Status | Due Date |
|---|---|---|---|---|---|
| Godel Memorial-Warren Library | WES (Text) | 35500004521645 | Main | Available | - |
| Roseau Public Library | WES (Text) | 35500004514467 | Main | Available | - |
Record details
- ISBN: 0446178608
- ISBN: 9780446178600
- Physical Description: 278 p. ; 24 cm.
- Publisher: New York : Grand Central Pub., c2009.
Search for related items by subject
| Subject: | Adult Mystery Dortmunder (Fictitious character) > Fiction. Criminals > Fiction. |
| Genre: | Mystery fiction. Adventure fiction. |
Search for related items by series
| LDR | 01319cam a2200337K 4500 | ||
|---|---|---|---|
| 001 | 104419 | ||
| 003 | LARL_NWRL_CONSORTIUM | ||
| 005 | 20090520102608.0 | ||
| 008 | 090106s2009 nyu 000 0 eng d | ||
| 020 | . | ‡a0446178608 | |
| 020 | . | ‡a9780446178600 | |
| 035 | . | ‡a(OCoLC)297206890 | |
| 082 | 0 | 4. | ‡a813/.6 ‡222 |
| 100 | 1 | . | ‡aWestlake, Donald E. ‡0(LARL_NWRL_CONSORTIUM)62290 |
| 245 | 1 | 0. | ‡aGet real ‡n#15 / ‡cDonald E. Westlake. |
| 260 | . | ‡aNew York : ‡bGrand Central Pub., ‡cc2009. | |
| 300 | . | ‡a278 p. ; ‡c24 cm. | |
| 490 | 0 | . | ‡aDortmunder ; ‡v15 |
| 650 | . | ‡aAdult Mystery | |
| 650 | 0. | ‡aDortmunder (Fictitious character) ‡vFiction. ‡0(LARL_NWRL_CONSORTIUM)171992 | |
| 650 | 0. | ‡aCriminals ‡vFiction. ‡0(LARL_NWRL_CONSORTIUM)171663 | |
| 655 | 7. | ‡aMystery fiction. ‡2gsafd | |
| 655 | 7. | ‡aAdventure fiction. ‡2gsafd | |
| 901 | . | ‡a104419 ‡bOCLC ‡c104419 ‡tbiblio | |

Add to basket
Permalink
Disable Highlighting